000 00472nam a22001817a 4500
005 20251108164855.0
008 250721s1988 xx 000 0 ara d
082 1 4 _a816.962/توف
100 1 _aالحكيم، توفيق
245 1 0 _aزهرة العمر /
264 1 _aالقاهرة :
_bمكتبة مصر،
_c1988.
300 _a238ص
650 1 7 _aالأدب العربي
650 1 7 _aالرسائل
650 1 7 _aمصر
942 _2ddc
_cBK
999 _c16403
_d16403